|
|
|
|
| LEADER |
00000nam2a2200000 4500 |
| 001 |
43110 |
| 005 |
20241009140125.0 |
| 010 |
|
|
|a 5713309983
|
| 035 |
|
|
|a (RuTPU)RU\TPU\book\44507
|
| 090 |
|
|
|a 43110
|
| 100 |
|
|
|a 20020926d2000 m y0rusy50 ca
|
| 101 |
1 |
|
|a rus
|c eng
|
| 102 |
|
|
|a RU
|
| 105 |
|
|
|a y z 000zy
|
| 200 |
0 |
|
|a Кн. 1
|
| 210 |
|
|
|d 2000
|
| 215 |
|
|
|a 589 с.
|
| 461 |
|
1 |
|0 (RuTPU)RU\TPU\book\45422
|y 5-7133-0980-0
|t Мировая политика после 1945 года
|o пер. с англ.
|o в 2 кн.
|f П. Кальвокоресси
|v Кн. 1
|d 2000
|
| 606 |
|
|
|a Международные отношения
|x История
|z 1945-1990
|9 81285
|
| 610 |
1 |
|
|a политика
|
| 610 |
1 |
|
|a внешняя политика
|
| 610 |
1 |
|
|a международные отношения
|
| 610 |
1 |
|
|a 20 век
|
| 610 |
1 |
|
|a история
|
| 610 |
1 |
|
|a мировая политика
|
| 610 |
1 |
|
|a мировые державы
|
| 610 |
1 |
|
|a холодная война
|
| 610 |
1 |
|
|a СССР
|
| 610 |
1 |
|
|a гонка вооружений
|
| 610 |
1 |
|
|a Япония
|
| 610 |
1 |
|
|a США
|
| 610 |
1 |
|
|a Китай
|
| 610 |
1 |
|
|a мировой порядок
|
| 610 |
1 |
|
|a страны третьего мира
|
| 610 |
1 |
|
|a Европа
|
| 610 |
1 |
|
|a Западная Европа
|
| 610 |
1 |
|
|a Югославия
|
| 610 |
1 |
|
|a Албания
|
| 610 |
1 |
|
|a Ближний Восток
|
| 610 |
1 |
|
|a Суэцкий кризис
|
| 610 |
1 |
|
|a Израиль
|
| 610 |
1 |
|
|a войны
|
| 610 |
1 |
|
|a Персидский залив
|
| 610 |
1 |
|
|a Аравийский полуостров
|
| 686 |
|
|
|a Ф4(0)
|2 rubbk
|
| 686 |
|
|
|a Т3(0)63
|2 rubbk
|
| 801 |
|
1 |
|a RU
|b 63413507
|c 20020926
|g PSBO
|
| 801 |
|
2 |
|a RU
|b 63413507
|c 20201117
|g PSBO
|
| 942 |
|
|
|c BK
|